Größte Städte über 1 km Höhe auf einer überfluteten Karte - Statistiken

Allgemein
  • Dieses Quiz wurde 95 mal gespielt
  • Das Durchschnittsergebnis liegt bei 9 aus 20
Antworten auf der Karte
Die Antworten werden auf der Karte rot bzw. grün angezeigt, abhängig davon wie oft sie richtig erraten wurden.
 
Antwortstatistiken
Einwohnerzahl Höhe Stadt % Korrekt
25.1 m 2240 m Mexiko-Stadt
87%
10.4 m 2640 m Bogota
83%
16.5 m 1200 m Teheran
74%
14.6 m 1753 m Johannesburg
72%
4.73 m 2355 m Addis Abeba
67%
6.70 m 1661 m Nairobi
63%
3.98 m 1172 m Brasilia
59%
3.85 m 1609 m Denver
52%
5.05 m 1500 m Kabul
52%
3.12 m 1400 m Kathmandu
51%
4.28 m 1495 m Medellín
48%
5.85 m 1560 m Guadalajara
43%
3.18 m 2200 m Sanaa
40%
4.13 m 1189 m Kampala
39%
3.38 m 1574 m Isfahan
37%
3.35 m 1592 m Guatemala Stadt
30%
4.23 m 2160 m Puebla
17%
6.50 m 1890 m Kunming
11%
3.50 m 1572 m Lanzhou
10%
5.05 m 1070 m Guiyang
4%
Keine übereinstimmenden Quizze gefunden
Verteilung der Resultate
Anzahl Personen mit jedem Resultat
Perzentil nach korrekt beantworteten Fragen
Ihre Resultats-Entwicklung
Sie haben dieses Quiz noch nicht gespielt